La trampa sagrada: conversaciones con Gilles Farcet
Salvato in:
| Autore principale: | |
|---|---|
| Natura: | Libro |
| Lingua: | spagnolo |
| Pubblicazione: |
Santiago
Hachette
1991
|
| Soggetti: | |
| Tags: |
Aggiungi Tag
Nessun Tag, puoi essere il primo ad aggiungerne!!
|
MARC
| LEADER | 00000nam a2200000 a 4500 | ||
|---|---|---|---|
| 001 | UCM1011 | ||
| 003 | CL-VaPUC | ||
| 008 | 020322e19910000CL |||||||||||||||||spa|d | ||
| 082 | 0 | 4 | |a Ch865.06 |b JOD |2 21 |
| 100 | |a Jodorowsky Prullansky, Alejandro |e author |9 563327 | ||
| 245 | 1 | 3 | |a La trampa sagrada: conversaciones con Gilles Farcet |
| 300 | |a 87 p | ||
| 942 | |c BK | ||
| 945 | |d 20020322 00:00:00 |a cmena | ||
| 260 | |a Santiago |b Hachette |c 1991 | ||
| 650 | 7 | |a LITERATURA CHILENA - CONVERSACIONES |2 CL-VaPUC |9 468033 | |
| 650 | 0 | |a Entrevistas |9 265537 | |
| 583 | |a last modification |c 20020322 00:00:00 |k Rodrigo Vera | ||
| 999 | |c 299735 |d 299733 | ||
| 952 | |0 0 |1 0 |4 0 |6 CH_865_060000000000000_JOD_1991 |7 0 |8 A |9 356635 |a BIBEDU |b BIBEDU |d 2019-11-21 |i 3800288 |o Ch865.06 JOD 1991 |p 3800288 |r 2019-11-21 |w 2019-11-21 |y BK |k LIT | ||